000 00555nam a2200193Ia 4500
005 20250508163907.0
008 008 250505s9999 xx 000 0 eng d
020 _a81-85107-44-0
037 _aTextual
040 _aFEDL
_beng
_cFEDL
041 _aeng
_2eng
084 _a305.4, SAR
_qFEDL
100 _aSarkar Tanika
245 0 _aWords to win : The making of Amar Jiban : A modern autobiography
260 _aNew Delhi, India
_bKali for Women
_c1999
300 _ax,266p.
942 _cTEXL
_h305.4, SAR
999 _c1385829
_d1385829